Návrh 3-osej lineárnej polohovej jednotky na princípe guličkovej skrutky a matice : Diplomová práca

Salvato in:
Dettagli Bibliografici
Autore principale: Švec, Anton (Autore)
Altri autori: Pleva, Stanislav (xxx)
Natura: Manoscritto Libro
Lingua:slovacco
Pubblicazione: Trnava : SVŠT v Bratislave StF KOOSaM, 1987
Soggetti:
Tags: Aggiungi Tag
Nessun Tag, puoi essere il primo ad aggiungerne!!

MARC

LEADER 00000ntm a22000003a 4500
001 stu92427
005 20160719162641.9
008 050114s1987----cs------------------slo-d
040 |a STU  |b slo 
041 0 |a slo 
044 |a cs 
100 1 |a Švec, Anton  |4 aut 
245 1 |a Návrh 3-osej lineárnej polohovej jednotky na princípe guličkovej skrutky a matice :  |b Diplomová práca 
260 |a Trnava :  |b SVŠT v Bratislave StF KOOSaM,  |c 1987 
300 |a 54 s  |c príl 
650 7 |a Strojárska technológia-obrábanie  |2 stusub 
700 1 |a Pleva, Stanislav  |4 xxx 
996 |b 284M043190  |c M*DP-2808  |l MMSKP  |s P  |a 0  |w stu92427_0001